ARRUPE JESUIT UNIVERSITY

CORONAVIRUS -STOP THE SPREAD - CLEAN,DISINFECT,COVER

Political spiritualities : (Record no. 120379)

MARC details
000 -LEADER
fixed length control field 01705cam a2200361 a 4500
001 - CONTROL NUMBER
control field 15481282
003 - CONTROL NUMBER IDENTIFIER
control field ARRUPE
005 - DATE AND TIME OF LATEST TRANSACTION
control field 20140403114753.0
008 - FIXED-LENGTH DATA ELEMENTS--GENERAL INFORMATION
fixed length control field 081007s2009 ilu b 001 0 eng c
010 ## - LIBRARY OF CONGRESS CONTROL NUMBER
LC control number 2008043576
020 ## - INTERNATIONAL STANDARD BOOK NUMBER
International Standard Book Number 9780226507125 (cloth : alk. paper)
020 ## - INTERNATIONAL STANDARD BOOK NUMBER
International Standard Book Number 9780226507132 (pbk. : alk. paper)
020 ## - INTERNATIONAL STANDARD BOOK NUMBER
International Standard Book Number 0226507122 (cloth : alk. paper)
020 ## - INTERNATIONAL STANDARD BOOK NUMBER
International Standard Book Number 0226507130 (pbk. : alk. paper)
040 ## - CATALOGING SOURCE
Original cataloging agency ICU/DLC
Transcribing agency DLC
Modifying agency DLC
042 ## - AUTHENTICATION CODE
Authentication code pcc
050 00 - LIBRARY OF CONGRESS CALL NUMBER
Classification number BR1644.5.N6
Item number M37 2009
082 00 - DEWEY DECIMAL CLASSIFICATION NUMBER
Classification number 276.69/082
Edition number 22
300 ## - PHYSICAL DESCRIPTION
Dimensions 24 cm.
100 1# - MAIN ENTRY--PERSONAL NAME
Personal name Marshall, Ruth,
Dates associated with a name 1964-
9 (RLIN) 9765
245 10 - TITLE STATEMENT
Title Political spiritualities :
Remainder of title the Pentecostal revolution in Nigeria /
Statement of responsibility, etc Ruth Marshall.
260 ## - PUBLICATION, DISTRIBUTION, ETC. (IMPRINT)
Place of publication, distribution, etc Chicago ;
-- London :
Name of publisher, distributor, etc The University of Chicago Press,
Date of publication, distribution, etc 2009.
300 ## - PHYSICAL DESCRIPTION
Extent x, 349 p. ;
504 ## - BIBLIOGRAPHY, ETC. NOTE
Bibliography, etc Includes bibliographical references (p. 311-337) and index.
505 0# - FORMATTED CONTENTS NOTE
Formatted contents note Rethinking the religious and the political in Africa -- Rupture, redemption, and the history of the present -- Revival and the postcolonial crisis of government -- God's subjects -- Born-again ethics and the spirits of the political economy -- The politics of conviction.
650 #0 - SUBJECT ADDED ENTRY--TOPICAL TERM
Topical term or geographic name as entry element Pentecostalism
Geographic subdivision Nigeria.
9 (RLIN) 9766
650 #0 - SUBJECT ADDED ENTRY--TOPICAL TERM
Topical term or geographic name as entry element Pentecostalism
General subdivision Political aspects
Geographic subdivision Nigeria.
9 (RLIN) 9767
650 #0 - SUBJECT ADDED ENTRY--TOPICAL TERM
Topical term or geographic name as entry element Christianity and politics
Geographic subdivision Nigeria.
9 (RLIN) 9768
651 #0 - SUBJECT ADDED ENTRY--GEOGRAPHIC NAME
Geographic name Nigeria
General subdivision Religious life and customs.
9 (RLIN) 9769
651 #0 - SUBJECT ADDED ENTRY--GEOGRAPHIC NAME
Geographic name Nigeria
General subdivision Church history.
9 (RLIN) 9770
906 ## - LOCAL DATA ELEMENT F, LDF (RLIN)
a 7
b cbc
c orignew
d 1
e ecip
f 20
g y-gencatlg
942 ## - ADDED ENTRY ELEMENTS (KOHA)
Source of classification or shelving scheme Library of Congress Classification
Koha item type Monograph ( Printed materials)
Holdings
Withdrawn status Lost status Source of classification or shelving scheme Damaged status Not for loan Collection code Home library Current library Shelving location Date acquired Total Checkouts Full call number Barcode Date last seen Price effective from Koha item type
    Library of Congress Classification     Main Collection ARRUPE LIBRARY ARRUPE LIBRARY Main Collection 03/04/2014   BR1644.5.N6 M37 2009 46500001782 15/11/2016 03/04/2014 Monograph ( Printed materials)

 

Arrupe Library. PO Box MP320 Mt Pleasant, Harare, Zimbabwe
263 242 745411|librarian@aju.ac.zw